[Event "Bad Zwischenahn"]
[Site "NordWest-Cup"]
[Date "2006.02.03"]
[Round "2.11"]
[White "Becker, Martin Alexander"]
[Black "Döll, Detlef"]
[Result "0-1"]
[WhiteElo "2353"]
[BlackElo "2138"]
[PlyCount "80"]
[EventDate "2006.??.??"]

1. d4 Nf6 2. c4 c5 3. d5 e5 4. Nc3 d6 5. e4 g6 6. g3 Bg7 7. Bg2 a6 8. a4 Nbd7
9. Nf3 O-O 10. O-O Ne8 11. Rb1 h6 12. Nh4 Kh7 13. Qd3 Bf6 14. Nf3 Bg7 15. Nh4
Bf6 16. Nf3 Bg7 17. g4 Nef6 18. h3 Kh8 19. Ne2 h5 20. Nh2 hxg4 21. hxg4 Nh7 22.
Qh3 Kg8 23. Bf3 Ng5 24. Qg3 Bf6 25. Bg2 Kg7 26. Bd2 Rh8 27. b4 Qc7 28. Rfc1
cxb4 29. Rxb4 Nc5 30. Nc3 Bd7 31. Ra1 Rh7 32. Nf1 Rah8 33. Rab1 Rh3 34. Bxg5
Rxg3 35. Bxf6+ Kxf6 36. Nxg3 Bxg4 37. f3 Bc8 38. Bf1 Kg7 39. Rb6 Qe7 40. Nge2
Qg5+ 0-1

[Event "Bad Zwischenahn"]
[Site "NordWest-Cup"]
[Date "2006.02.03"]
[Round "2.12"]
[White "Kulik, Dawid"]
[Black "Thinius, Marco"]
[Result "1/2-1/2"]
[WhiteElo "2134"]
[BlackElo "2343"]
[PlyCount "42"]
[EventDate "2006.??.??"]

1. e4 e5 2. Nf3 d6 3. d4 exd4 4. Nxd4 Nf6 5. Nc3 Be7 6. Bf4 O-O 7. Qd2 c6 8.
O-O-O b5 9. f3 b4 10. Nce2 c5 11. Nb3 c4 12. Nbd4 Qa5 13. Kb1 Rd8 14. a3 c3 15.
axb4 Qxb4 16. Nxc3 a6 17. g4 Ra7 18. Qe3 Rb7 19. Nb3 Be6 20. Nd5 Bxd5 21. exd5
Re8 1/2-1/2

[Event "Bad Zwischenahn"]
[Site "NordWest-Cup"]
[Date "2006.02.03"]
[Round "2.13"]
[White "Dittmar, Peter"]
[Black "Busch, Christian"]
[Result "1/2-1/2"]
[WhiteElo "2334"]
[BlackElo "2129"]
[PlyCount "57"]
[EventDate "2006.??.??"]

1. Nf3 Nf6 2. g3 d5 3. c4 e6 4. Bg2 dxc4 5. Qa4+ Nbd7 6. Qxc4 a6 7. Qc2 Be7 8.
O-O O-O 9. b3 c5 10. d3 Ra7 11. Bb2 b6 12. Nbd2 Rc7 13. Rac1 Bb7 14. Qb1 Qa8
15. Qa1 Rd8 16. Nc4 Ne8 17. Rc2 Bf6 18. Bxf6 Nexf6 19. Rfc1 Bd5 20. b4 Qb8 21.
Ne3 Rdc8 22. bxc5 Rxc5 23. Rxc5 Rxc5 24. Rxc5 Nxc5 25. Qd4 Ncd7 26. Qa4 Qc8 27.
h3 h6 28. Nd4 b5 29. Qd1 1/2-1/2

[Event "Bad Zwischenahn"]
[Site "NordWest-Cup"]
[Date "2006.02.03"]
[Round "2.14"]
[White "Troyke, Doreen"]
[Black "Hedke, Fred"]
[Result "1-0"]
[WhiteElo "2123"]
[BlackElo "2328"]
[PlyCount "140"]
[EventDate "2006.??.??"]

1. c4 e6 2. Nc3 d5 3. d4 Nf6 4. cxd5 exd5 5. Bg5 Be7 6. e3 O-O 7. Qc2 b6 8. Nf3
h6 9. Bf4 c5 10. Bd3 Nc6 11. a3 cxd4 12. exd4 Bg4 13. Bb5 Bxf3 14. Bxc6 Rc8 15.
Bb7 Bxg2 16. Rg1 Be4 17. Qd2 Bg6 18. Bxc8 Qxc8 19. f3 Nh5 20. Bg3 Qf5 21. Kf2
Bg5 22. Qe2 Bf6 23. Rad1 Nf4 24. Bxf4 Qxf4 25. Nxd5 Bh4+ 26. Kf1 Qd6 27. Rg4
Bd8 28. Nc3 Bf5 29. Ne4 Qb8 30. Rg1 Bh3+ 31. Kf2 Qxh2+ 32. Ke3 Qb8 33. Kd3 Bf5
34. Qg2 Bg6 35. Kc2 Bf6 36. Kb1 Rd8 37. d5 Qe5 38. Ka1 Bxe4 39. fxe4 h5 40.
Rdf1 h4 41. Rf5 Qd4 42. Rgf1 h3 43. Qc2 Re8 44. Rd1 Qxe4 45. Qxe4 Rxe4 46. d6
Re8 47. Rh5 Rd8 48. Rxh3 Be5 49. d7 f6 50. Kb1 g5 51. Kc2 g4 52. Rh4 g3 53. b4
Kf7 54. Kb3 Ke6 55. Rh7 a6 56. Kc4 Bd6 57. Re1+ Be5 58. Rd1 Bd6 59. Re1+ Be5
60. Rg7 Rxd7 61. Rxg3 Rd2 62. Rge3 Ra2 63. R1e2 Ra1 64. Rc2 Kd6 65. b5 axb5+
66. Kxb5 Rb1+ 67. Ka6 Ke6 68. Rf3 Kd5 69. Rd2+ Bd4 70. Rxf6 Ke4 1-0

[Event "Bad Zwischenahn"]
[Site "NordWest-Cup"]
[Date "2006.02.03"]
[Round "2.15"]
[White "Schlawin, Marlon"]
[Black "Meessen, Max"]
[Result "1-0"]
[WhiteElo "2302"]
[BlackElo "2114"]
[PlyCount "63"]
[EventDate "2006.??.??"]

1. e4 c5 2. Nf3 d6 3. Bb5+ Bd7 4. Bxd7+ Qxd7 5. c4 Nc6 6. Nc3 Nf6 7. d4 cxd4 8.
Nxd4 g6 9. f3 Bg7 10. Be3 O-O 11. O-O a6 12. a4 e6 13. Rc1 Rfd8 14. b3 Ne7 15.
a5 Qc7 16. b4 Qxc4 17. Ncb5 axb5 18. Rxc4 bxc4 19. Qa4 Nd7 20. Rd1 Bxd4 21.
Bxd4 d5 22. Qb5 Rac8 23. Bc3 Rc7 24. h4 Nb8 25. Be5 Rcc8 26. Qxb7 Rd7 27. Qb6
Nbc6 28. Bf6 d4 29. b5 c3 30. bxc6 Rxc6 31. Qb8+ Rc8 32. Qf4 1-0

[Event "Bad Zwischenahn"]
[Site "NordWest-Cup"]
[Date "2006.02.03"]
[Round "2.16"]
[White "Wewers, Reinhard"]
[Black "Lichmann, Peter"]
[Result "0-1"]
[WhiteElo "2104"]
[BlackElo "2282"]
[PlyCount "48"]
[EventDate "2006.??.??"]

1. d4 Nf6 2. c4 g6 3. Nc3 Bg7 4. e4 O-O 5. Nf3 d6 6. h3 e5 7. dxe5 dxe5 8. Qxd8
Rxd8 9. Bg5 Re8 10. O-O-O Na6 11. Bd3 c6 12. Bc2 h6 13. Be3 Nh5 14. g4 Nf4 15.
Kb1 Be6 16. b3 Nb4 17. Bc5 Nxc2 18. Kxc2 f5 19. gxf5 gxf5 20. h4 b6 21. Be3
fxe4 22. Nxe4 Bg4 23. Ned2 Bf5+ 24. Kc3 e4+ 0-1

[Event "Bad Zwischenahn"]
[Site "NordWest-Cup"]
[Date "2006.02.03"]
[Round "2.17"]
[White "Korba, Roman"]
[Black "Behl, Torsten"]
[Result "1-0"]
[WhiteElo "2265"]
[BlackElo "2091"]
[PlyCount "84"]
[EventDate "2006.??.??"]

1. Nf3 Nf6 2. g3 g6 3. Bg2 Bg7 4. O-O O-O 5. d4 d5 6. c4 dxc4 7. Na3 c3 8. bxc3
c5 9. e3 Nc6 10. Qe2 Ne4 11. Bb2 Bg4 12. h3 Be6 13. Rfd1 Na5 14. c4 Qc8 15. Kh2
Nd6 16. d5 Bxb2 17. Qxb2 Bd7 18. Nd2 Rb8 19. Qc3 Qc7 20. Rab1 a6 21. Nb3 Nxb3
22. axb3 Bf5 23. Rbc1 Ne4 24. Qe1 Qe5 25. f3 Nd6 26. e4 Bd7 27. Qf2 f5 28. Qxc5
fxe4 29. fxe4 Nxe4 30. Qe3 Rf2 31. Rc2 Rbf8 32. Rxf2 Rxf2 33. Kg1 Qb2 34. Bxe4
Re2 35. Qf3 Bxh3 36. Nc2 Rg2+ 37. Kh1 Rxc2 38. Bxc2 Qxc2 39. Re1 Bf5 40. Rxe7
Qc1+ 41. Kg2 Qb2+ 42. Qe2 Qf6 1-0

[Event "Bad Zwischenahn"]
[Site "NordWest-Cup"]
[Date "2006.02.03"]
[Round "2.18"]
[White "Müller, Fabian"]
[Black "Porth, Hartmut"]
[Result "0-1"]
[WhiteElo "2270"]
[BlackElo "2090"]
[PlyCount "80"]
[EventDate "2006.??.??"]

1. d4 Nc6 2. c4 e5 3. d5 Nce7 4. e4 Ng6 5. Be3 Nf6 6. f3 Bb4+ 7. Nd2 Qe7 8. g3
O-O 9. Bd3 d6 10. Qe2 Bc5 11. O-O-O Bxe3 12. Qxe3 c5 13. h4 a6 14. h5 Nh8 15.
f4 Ng4 16. Qe2 b5 17. Rh4 Nh6 18. Ngf3 Bg4 19. Qe3 f6 20. Rg1 Bxf3 21. Nxf3
N8f7 22. Bf1 bxc4 23. Bh3 Qc7 24. Qc3 Rfb8 25. Be6 Kh8 26. Rh2 Rb5 27. g4 exf4
28. g5 fxg5 29. Bxf7 Qxf7 30. Rxg5 Qf6 31. e5 dxe5 32. Rxe5 Ng4 33. Rd2 Nxe5
34. Nxe5 Re8 35. d6 Rxe5 36. Kd1 Rb8 37. Qxc4 Rxh5 38. d7 Rh1+ 39. Kc2 Rxb2+
40. Kd3 Rh3+ 0-1

[Event "Bad Zwischenahn"]
[Site "NordWest-Cup"]
[Date "2006.02.03"]
[Round "2.19"]
[White "Paust, Wolf-Dieter"]
[Black "Korsus, Bernd"]
[Result "0-1"]
[WhiteElo "2100"]
[BlackElo "2263"]
[PlyCount "94"]
[EventDate "2006.??.??"]

1. e4 c5 2. Nc3 e6 3. Bc4 a6 4. a4 Nc6 5. Nf3 Nf6 6. d3 d5 7. Bb3 Be7 8. O-O
O-O 9. Bf4 b6 10. Re1 Bb7 11. e5 Nd7 12. Qd2 Re8 13. g4 Nf8 14. g5 c4 15. Ba2
Nb4 16. Bb1 d4 17. Ne4 cxd3 18. h4 dxc2 19. Bxc2 Nxc2 20. Qxc2 d3 21. Qd1 Qd5
22. h5 Rac8 23. Re3 Rc4 24. Nc3 Rxc3 25. bxc3 Rd8 26. Qd2 Bc5 27. Rae1 Bxe3 28.
Rxe3 b5 29. a5 Qc4 30. Nd4 b4 31. Qxd3 Qd5 32. f3 bxc3 33. Re4 Qc5 34. Be3 Bxe4
35. Qxe4 Qxa5 36. Nc6 Rd1+ 37. Kg2 Qc7 38. Bc5 Rd2+ 39. Kg3 c2 40. Ba3 Qb6 41.
Ne7+ Kh8 42. Qe1 Rd1 43. Qc3 Qg1+ 44. Kh3 Qf2 45. Ng6+ hxg6 46. Bxf8 Rh1+ 47.
Kg4 Rh4# 0-1

[Event "Bad Zwischenahn"]
[Site "NordWest-Cup"]
[Date "2006.02.03"]
[Round "2.20"]
[White "Mader, Sascha"]
[Black "Wittje, Berthold"]
[Result "0-1"]
[WhiteElo "2092"]
[BlackElo "2263"]
[PlyCount "88"]
[EventDate "2006.??.??"]

1. e4 Nf6 2. Nc3 e5 3. Bc4 Nxe4 4. Qh5 Nd6 5. Bb3 Be7 6. Nf3 Nc6 7. Nxe5 g6 8.
Nxc6 dxc6 9. Qf3 O-O 10. O-O Nf5 11. Re1 Nd4 12. Qe4 Bc5 13. d3 Bf5 14. Qf4 a5
15. Be3 b5 16. g4 Qh4 17. Bxd4 Bxd4 18. Qxd4 a4 19. f3 axb3 20. axb3 h5 21. Qf2
Qxf2+ 22. Kxf2 hxg4 23. fxg4 Bxg4 24. Rxa8 Rxa8 25. Re7 Rc8 26. Re5 Kf8 27. Ne4
Bf5 28. Rc5 Bd7 29. Nf6 Ke7 30. Nxd7 Kxd7 31. b4 Ra8 32. b3 f6 33. Kg3 Ra1 34.
h4 Rg1+ 35. Kf4 Rh1 36. Kg4 Kd6 37. c4 Rd1 38. cxb5 cxb5 39. Rxb5 Rxd3 40. h5
gxh5+ 41. Kxh5 Rd5+ 42. Rxd5+ Kxd5 43. Kg4 Ke4 44. Kg3 c6 0-1

[Event "Bad Zwischenahn"]
[Site "NordWest-Cup"]
[Date "2006.02.03"]
[Round "3.1"]
[White "Golod, Vitali"]
[Black "Müssig, Guido"]
[Result "1-0"]
[WhiteElo "2577"]
[BlackElo "2221"]
[PlyCount "79"]
[EventDate "2006.??.??"]

1. d4 Nf6 2. c4 g6 3. Nc3 Bg7 4. e4 d6 5. Be2 O-O 6. Nf3 e5 7. d5 a5 8. Bg5 h6
9. Bh4 Na6 10. Nd2 Qe8 11. a3 Bd7 12. b3 h5 13. O-O Nh7 14. f3 Bh6 15. Bf2 Qe7
16. Qc2 h4 17. Rfd1 f5 18. Rab1 Bg5 19. b4 axb4 20. axb4 Nf6 21. c5 Bxd2 22.
Qxd2 fxe4 23. Bxh4 exf3 24. Bxf3 Bf5 25. Rb2 Qh7 26. Bxf6 Rxf6 27. c6 Raf8 28.
cxb7 Nb8 29. Ne4 Bxe4 30. Bxe4 Nd7 31. Rc2 Nb6 32. Rdc1 R6f7 33. Qg5 Qg7 34.
Qxg6 Rb8 35. Rxc7 Rxb7 36. Rxb7 Rxb7 37. Qe6+ Qf7 38. Qxd6 Qf4 39. Qg6+ Kh8 40.
Rf1 1-0

[Event "Bad Zwischenahn"]
[Site "NordWest-Cup"]
[Date "2006.02.03"]
[Round "3.2"]
[White "Karpatchev, Aleksandr"]
[Black "Heinemann, Ernst"]
[Result "1-0"]
[WhiteElo "2530"]
[BlackElo "2215"]
[PlyCount "47"]
[EventDate "2006.??.??"]

1. e4 d5 2. exd5 Nf6 3. Bb5+ Bd7 4. Bc4 b5 5. Be2 Nxd5 6. d4 e6 7. Nf3 Bd6 8.
O-O O-O 9. Nc3 Nxc3 10. bxc3 Bc6 11. Bd3 Nd7 12. Re1 Re8 13. Rb1 a6 14. a4 bxa4
15. c4 Rb8 16. Rxb8 Qxb8 17. Bxh7+ Kxh7 18. Ng5+ Kg8 19. Qh5 Ne5 20. dxe5 Bc5
21. Qxf7+ Kh8 22. Qh5+ Kg8 23. Qh7+ Kf8 24. Rd1 1-0

[Event "Bad Zwischenahn"]
[Site "NordWest-Cup"]
[Date "2006.02.03"]
[Round "3.3"]
[White "Fischer, Markus"]
[Black "Meijers, Viesturs"]
[Result "0-1"]
[WhiteElo "2214"]
[BlackElo "2529"]
[PlyCount "58"]
[EventDate "2006.??.??"]

1. e4 c5 2. Nf3 e6 3. d3 a6 4. a4 b6 5. g3 Bb7 6. Bg2 Be7 7. O-O d5 8. e5 Nc6
9. Re1 h5 10. h4 Qc7 11. c3 Nh6 12. Bf4 Nf5 13. Na3 g6 14. Qe2 Na5 15. Nc2 Nb3
16. Ra2 b5 17. axb5 axb5 18. Rxa8+ Bxa8 19. Nd2 Nxd2 20. Qxd2 O-O 21. Bg5 Bxg5
22. Qxg5 d4 23. Qf4 Bxg2 24. Kxg2 Rd8 25. Qe4 dxc3 26. bxc3 Qa5 27. c4 Qc3 28.
Re2 b4 29. Ne3 Qxd3 0-1

[Event "Bad Zwischenahn"]
[Site "NordWest-Cup"]
[Date "2006.02.03"]
[Round "3.4"]
[White "Teske, Henrik"]
[Black "Gellrich, Peter"]
[Result "1-0"]
[WhiteElo "2486"]
[BlackElo "2207"]
[PlyCount "83"]
[EventDate "2006.??.??"]

1. e4 c5 2. Nf3 e6 3. d4 cxd4 4. Nxd4 Nc6 5. Nc3 a6 6. Nxc6 bxc6 7. e5 Qc7 8.
f4 d5 9. exd6 Bxd6 10. Ne4 Bxf4 11. Bxf4 Qxf4 12. Qd4 e5 13. Nd6+ Kf8 14. Qc5
Ne7 15. Bc4 f6 16. Rf1 Qd4 17. Qxd4 exd4 18. O-O-O c5 19. Rde1 Bd7 20. Re5 Ng6
21. Rxc5 Ke7 22. Rd5 Ne5 23. Rxd4 Rhd8 24. Be2 Be6 25. Nf5+ Bxf5 26. Rxd8 Rxd8
27. Rxf5 a5 28. Rf4 Ke6 29. Ra4 Rd5 30. c4 Rc5 31. Kd2 g5 32. a3 f5 33. Kc3 f4
34. b4 axb4+ 35. axb4 Rc7 36. b5 g4 37. Ra6+ Kf5 38. b6 Rd7 39. c5 f3 40. gxf3
gxf3 41. Bb5 f2 42. Ra1 1-0

[Event "Bad Zwischenahn"]
[Site "NordWest-Cup"]
[Date "2006.02.03"]
[Round "3.5"]
[White "Höffer, David"]
[Black "Gutman, Lev"]
[Result "0-1"]
[WhiteElo "2204"]
[BlackElo "2465"]
[PlyCount "62"]
[EventDate "2006.??.??"]

1. Nc3 c5 2. Nf3 d6 3. g3 g6 4. Bg2 Bg7 5. d4 cxd4 6. Nxd4 Nf6 7. O-O O-O 8. h3
Nc6 9. Nxc6 bxc6 10. e4 Nd7 11. Kh2 Rb8 12. f4 Ba6 13. Re1 Nb6 14. Qf3 Nc4 15.
Bf1 Qa5 16. Bxc4 Bxc4 17. f5 Be5 18. h4 Kh8 19. Kh3 Rg8 20. g4 gxf5 21. exf5
Bd5 22. Nxd5 Qxe1 23. Nxe7 Bf6 24. Nxg8 Qxh4+ 25. Kg2 Rxg8 26. g5 Bxg5 27. Kf1
Bxc1 28. Rxc1 Qd4 29. Qf2 Qc4+ 30. Ke1 Qe4+ 31. Kd1 Rg2 0-1

[Event "Bad Zwischenahn"]
[Site "NordWest-Cup"]
[Date "2006.02.03"]
[Round "3.6"]
[White "Kolthoff, Siegmund"]
[Black "Jugelt, Tobias"]
[Result "1-0"]
[WhiteElo "2192"]
[BlackElo "2410"]
[PlyCount "95"]
[EventDate "2006.??.??"]

1. d4 d5 2. c4 c6 3. Nf3 Nf6 4. Nc3 g6 5. Bf4 Bg7 6. e3 O-O 7. h3 e6 8. Rc1
Nbd7 9. Bd3 b6 10. O-O Bb7 11. cxd5 exd5 12. b4 Re8 13. Re1 a5 14. bxa5 Rxa5
15. a4 Qa8 16. Qb3 Ba6 17. Bxa6 Rxa6 18. Ne5 Nxe5 19. Bxe5 Nd7 20. Bxg7 Kxg7
21. Rb1 Nf6 22. Qb4 Re6 23. Qb2 Kg8 24. Qc2 Qd8 25. Qd3 Ra8 26. Re2 Nd7 27.
Reb2 Qh4 28. Qd1 h5 29. Ne2 Qf6 30. Nf4 Ree8 31. Rc1 Qd6 32. Qb3 Ra6 33. Rbc2
Nb8 34. Nd3 b5 35. axb5 Rb6 36. Rc5 Rxb5 37. Rxb5 cxb5 38. Qxb5 Rd8 39. Rc5 Qe7
40. Nb4 Qe4 41. Nxd5 Kg7 42. Nc3 Qc2 43. Rc7 Qc1+ 44. Kh2 Kg8 45. Qb7 Rf8 46.
Nb5 Qb2 47. Rc8 Qb4 48. Qxb8 1-0

[Event "Bad Zwischenahn"]
[Site "NordWest-Cup"]
[Date "2006.02.03"]
[Round "3.7"]
[White "Scheider, Julian"]
[Black "Schlawin, Marlon"]
[Result "0-1"]
[WhiteElo "2185"]
[BlackElo "2302"]
[PlyCount "150"]
[EventDate "2006.??.??"]

1. e4 e6 2. d4 d5 3. Nc3 Nf6 4. Bg5 Bb4 5. e5 h6 6. Bd2 Bxc3 7. bxc3 Ne4 8. Qg4
g6 9. Bd3 Nxd2 10. Kxd2 c5 11. h4 c4 12. Be2 Nd7 13. Nh3 Qe7 14. h5 g5 15. Qg3
f5 16. a4 a5 17. Rhb1 Ra6 18. Qh2 Nb6 19. Rb2 Kd8 20. Qh1 Bd7 21. g3 Kc7 22.
Qb1 Rb8 23. Rba2 Qe8 24. g4 f4 25. Ra3 Nxa4 26. R1a2 b5 27. Qa1 Rab6 28. f3 Qe7
29. Nf2 R8b7 30. Nd1 Bc6 31. Bf1 Qf8 32. Be2 Qb8 33. Bf1 Bd7 34. Be2 Be8 35.
Bf1 Qd8 36. Be2 Qe7 37. Bf1 Rb8 38. Be2 Bd7 39. Bf1 Kc8 40. Be2 Be8 41. Bf1 Qc7
42. Be2 Bc6 43. Bf1 Kd7 44. Be2 Ke7 45. Bf1 Ra8 46. Be2 Qb7 47. Bf1 Kf7 48. Be2
Rba6 49. Bf1 Qa7 50. Be2 Nb6 51. Bf1 Nc8 52. Be2 Bd7 53. Bf1 Ne7 54. Be2 Nc6
55. Qb2 Rb8 56. Ke1 Qb6 57. Ra1 Ra7 58. R3a2 Rab7 59. Qb1 b4 60. Rb2 Qa7 61.
cxb4 Qxd4 62. c3 Qg1+ 63. Kd2 Rg8 64. bxa5 Rxb2+ 65. Qxb2 d4 66. Bxc4 Nxe5 67.
Be2 d3 68. Bxd3 Rd8 69. Kc2 Nxd3 70. Kxd3 Bb5+ 71. Kc2 Ba4+ 72. Kb1 Rxd1+ 73.
Ka2 Rxa1+ 74. Qxa1 Qxa1+ 75. Kxa1 Bd1 0-1

[Event "Bad Zwischenahn"]
[Site "NordWest-Cup"]
[Date "2006.02.03"]
[Round "3.8"]
[White "Lichmann, Peter"]
[Black "Franke, Thomas"]
[Result "1/2-1/2"]
[WhiteElo "2282"]
[BlackElo "2164"]
[PlyCount "54"]
[EventDate "2006.??.??"]

1. d4 Nf6 2. c4 g6 3. Nc3 Bg7 4. e4 d6 5. Be2 O-O 6. Nf3 e5 7. O-O Nc6 8. Be3
Ng4 9. Bg5 f6 10. Bh4 h5 11. h3 Nh6 12. dxe5 dxe5 13. c5 Be6 14. Qa4 g5 15. Bg3
g4 16. hxg4 hxg4 17. Bc4 Qe8 18. Nd5 Rf7 19. Nd2 Nd4 20. Qxe8+ Rxe8 21. Nb3 f5
22. Nxd4 exd4 23. exf5 Nxf5 24. Bf4 c6 25. Nc7 Bxc4 26. Nxe8 Bxf1 27. Rxf1 Re7
1/2-1/2

[Event "Bad Zwischenahn"]
[Site "NordWest-Cup"]
[Date "2006.02.03"]
[Round "3.9"]
[White "Maahs, Erich"]
[Black "Korba, Roman"]
[Result "1-0"]
[WhiteElo "2148"]
[BlackElo "2265"]
[PlyCount "61"]
[EventDate "2006.??.??"]

1. e4 g6 2. d4 Bg7 3. Nc3 d6 4. f4 a6 5. Be3 b5 6. a3 Bb7 7. Nf3 Nd7 8. h3 e6
9. Bd3 c5 10. O-O Ne7 11. Qe1 O-O 12. Rd1 Qc7 13. Qh4 Rae8 14. f5 exf5 15. Bh6
cxd4 16. Ng5 Nf6 (16... dxc3 17. Bxg7 Kxg7 18. Qxh7+ Kf6 19. exf5 Nxf5 20. Bxf5
Qc5+ 21. Kh1 gxf5 22. b4 Qc6 23. Qxf5+ Ke7) 17. Ne2 Nh5 18. Bxg7 Kxg7 19. Nf4
Nxf4 20. Qxh7+ Kf6 21. Rxf4 d5 22. Rdf1 dxe4 23. Bxe4 Rh8 (23... Bxe4 24. Nxe4+
Ke6 25. Ng5+ Kd5 26. Qh4 Qa7) 24. Qxf7+ Kxg5 25. Rxf5+ Kh6 26. R5f4 Qd6 27.
Rh4+ Kg5 28. Rg4+ Kh5 29. Rf6 (29. Bxg6+ Kh6 (29... Qxg6 30. Rf5+ Kh6 31. Rh4+
Qh5 32. Rhxh5#) 30. Bh7 Ng6 (30... Rxh7 31. Rf6+ Qxf6 32. Qxf6+ Kh5 33. Qg5#)
31. Rxg6+ Kh5 32. Qf5+ Kh4 33. Qg4#) 29... Ref8 30. Bxg6+ Kh6 31. Qxf8+ 1-0

[Event "Bad Zwischenahn"]
[Site "NordWest-Cup"]
[Date "2006.02.03"]
[Round "3.10"]
[White "Korsus, Bernd"]
[Black "Müller, Dieter"]
[Result "1/2-1/2"]
[WhiteElo "2263"]
[BlackElo "2156"]
[PlyCount "47"]
[EventDate "2006.??.??"]

1. d4 d5 2. c4 e6 3. Nf3 c6 4. e3 f5 5. Bd3 Nf6 6. O-O Bd6 7. b3 Qe7 8. Bb2 O-O
9. Qc1 b6 10. Ba3 Bxa3 11. Qxa3 Qe8 12. Nc3 Ne4 13. Rac1 Nd7 14. cxd5 exd5 15.
Ne2 Bb7 16. Ba6 Bxa6 17. Qxa6 Rf6 18. Qb7 g5 19. Rxc6 Ndc5 20. Rxc5 bxc5 21.
Qxd5+ Kh8 22. dxc5 Rd8 23. Qe5 Qxe5 24. Nxe5 1/2-1/2

[Event "Bad Zwischenahn"]
[Site "NordWest-Cup"]
[Date "2006.02.03"]
[Round "3.11"]
[White "Wittje, Berthold"]
[Black "Döll, Detlef"]
[Result "1-0"]
[WhiteElo "2263"]
[BlackElo "2138"]
[PlyCount "63"]
[EventDate "2006.??.??"]

1. Nf3 Nf6 2. g3 g6 3. Bg2 Bg7 4. c4 d6 5. O-O O-O 6. Nc3 Nc6 7. Rb1 Bf5 8. d3
Qc8 9. Re1 e5 10. Bg5 Re8 11. Qd2 Ne7 12. Rbc1 Bh3 13. Bxf6 Bxf6 14. Nd5 Bg7
15. Bxh3 Qxh3 16. Nxc7 Bh6 17. e3 f5 18. Nxa8 Rxa8 19. Qb4 Rf8 20. Qxd6 f4 21.
exf4 exf4 22. Qe6+ Qxe6 23. Rxe6 fxg3 24. Rf1 Rxf3 25. Rxe7 gxh2+ 26. Kxh2 Rxd3
27. Rxb7 Rd2 28. Kg2 Be3 29. Re1 Rxf2+ 30. Kg3 Bd4 31. Re8+ Rf8 32. Rxf8+ 1-0

[Event "Bad Zwischenahn"]
[Site "NordWest-Cup"]
[Date "2006.02.03"]
[Round "3.12"]
[White "Porth, Hartmut"]
[Black "Blancke, Stefan"]
[Result "1/2-1/2"]
[WhiteElo "2090"]
[BlackElo "2261"]
[PlyCount "48"]
[EventDate "2006.??.??"]

1. e4 Nf6 2. e5 Nd5 3. d4 d6 4. c4 Nb6 5. exd6 cxd6 6. Nc3 g6 7. Be3 Bg7 8. Rc1
O-O 9. b3 e5 10. dxe5 dxe5 11. Qxd8 Rxd8 12. c5 N6d7 13. Bc4 Nc6 14. Nf3 h6 15.
Nb5 Na5 16. Be2 Nf8 17. O-O Ne6 18. Rfd1 Rxd1+ 19. Rxd1 Kf8 20. Nd6 Nc6 21. Bc4
Ke7 22. Bxe6 Kxe6 23. Nxc8 Rxc8 24. Rd6+ Ke7 1/2-1/2

[Event "Bad Zwischenahn"]
[Site "NordWest-Cup"]
[Date "2006.02.03"]
[Round "3.13"]
[White "Fruebing, Thomas"]
[Black "Troyke, Doreen"]
[Result "1/2-1/2"]
[WhiteElo "2189"]
[BlackElo "2123"]
[PlyCount "39"]
[EventDate "2006.??.??"]

1. e4 c5 2. Nf3 d6 3. Bb5+ Bd7 4. c4 g6 5. d4 Bg7 6. Be3 Nf6 7. Nc3 Ng4 8. Bg5
h6 9. Bh4 O-O 10. O-O Nc6 11. h3 Nf6 12. e5 Ne8 13. Bxc6 bxc6 14. Re1 g5 15.
Bg3 cxd4 16. Qxd4 f5 17. exf6 Nxf6 18. Qd3 Nh5 19. Ne2 Rb8 20. Nfd4 1/2-1/2

[Event "Bad Zwischenahn"]
[Site "NordWest-Cup"]
[Date "2006.02.03"]
[Round "3.14"]
[White "Bäumler, Ilja"]
[Black "Kerker, Andreas"]
[Result "0-1"]
[WhiteElo "2225"]
[BlackElo "2091"]
[PlyCount "98"]
[EventDate "2006.??.??"]

1. e4 c5 2. c3 Nf6 3. e5 Nd5 4. d4 cxd4 5. Nf3 Nc6 6. cxd4 d6 7. Bc4 e6 8. O-O
Be7 9. Qe2 O-O 10. a3 a6 11. Qe4 dxe5 12. dxe5 b5 13. Bd3 g6 14. Bh6 Re8 15.
Nc3 Bb7 16. Ne2 Na5 17. Qg4 Ne3 18. fxe3 Qxd3 19. Ng3 Nc4 20. Qf4 Bf8 21. Rae1
Bxh6 22. Qxh6 Bxf3 23. gxf3 Nxe5 24. Qf4 Nc4 25. Ne4 Red8 26. Qh6 f5 27. Nf6+
Kf7 28. Nxh7 Rh8 29. Qh4 Qd8 30. Ng5+ Ke7 31. Qf2 Qb6 32. b3 Nd6 33. Qb2 Rag8
34. Rf2 Nf7 35. f4 Rh5 36. Nxf7 Kxf7 37. Qe5 g5 38. Rg2 gxf4 39. Rxg8 Kxg8 40.
Qxf4 Qd8 41. Kh1 Rg5 42. e4 Kf7 43. Rc1 Kf6 44. Qf3 Qd4 45. h4 Rg4 46. Re1
Rxh4+ 47. Kg2 Qd2+ 48. Re2 Qg5+ 49. Kf1 Rf4 0-1

[Event "Bad Zwischenahn"]
[Site "NordWest-Cup"]
[Date "2006.02.03"]
[Round "3.15"]
[White "Elbern, Thomas"]
[Black "Fish, Gennadij"]
[Result "0-1"]
[WhiteElo "2170"]
[BlackElo "2544"]
[PlyCount "89"]
[EventDate "2006.??.??"]

1. e4 c5 2. Nf3 e6 3. d4 cxd4 4. Nxd4 a6 5. Bd3 Qc7 6. c4 Nf6 7. Nc3 Nc6 8.
Nxc6 dxc6 9. O-O Bc5 10. Qe2 e5 11. h3 Be6 12. Rb1 O-O 13. Bg5 Nd7 14. Kh1 f6
15. Be3 Rfd8 16. Rfd1 Bd4 17. Rbc1 Qa5 18. a3 Bxe3 19. Qxe3 Qc5 20. Qg3 Qe7 21.
Qe3 Nc5 22. Ne2 a5 23. b4 axb4 24. axb4 Nxd3 25. Rxd3 Rxd3 26. Qxd3 Qxb4 27. c5
h6 28. Ng3 Qa3 29. Rc3 Qa1+ 30. Kh2 Qe1 31. Ra3 Rxa3 32. Qxa3 Qxf2 33. Qa8+ Kh7
34. Qxb7 Qxc5 35. Nh5 Qf8 36. Qxc6 Bf7 37. Ng3 Bg6 38. Qd7 Qa8 39. Qg4 Qa4 40.
Nf5 Qd7 41. h4 Bxf5 42. exf5 Qc6 43. Qg6+ Kg8 44. g4 Qc2+ 45. Kg3 0-1

[Event "Bad Zwischenahn"]
[Site "NordWest-Cup"]
[Date "2006.02.03"]
[Round "3.16"]
[White "Zaragatski, Ilja"]
[Black "Bartels, Holger"]
[Result "1-0"]
[WhiteElo "2400"]
[BlackElo "2141"]
[PlyCount "123"]
[EventDate "2006.??.??"]

1. e4 c5 2. Nf3 Nc6 3. Nc3 e6 4. d4 cxd4 5. Nxd4 a6 6. Be3 Qc7 7. Bd3 Nf6 8.
O-O Be7 9. Kh1 O-O 10. f4 d6 11. Qf3 Bd7 12. Rae1 Nb4 13. Qg3 Nxd3 14. cxd3 Kh8
15. e5 dxe5 16. fxe5 Nd5 17. Nxd5 exd5 18. Bg5 Bxg5 19. Qxg5 Rae8 20. Re3 Qd8
21. Qxd8 Rxd8 22. g3 Kg8 23. Kg2 Rfe8 24. Kf3 Rc8 25. Kf4 Re7 26. g4 Be6 27. h4
Rec7 28. Ree1 Kf8 29. g5 Ke7 30. Rg1 Rc5 31. Ke3 Ra5 32. a3 Rac5 33. Kd2 R5c7
34. Ref1 Rh8 35. Rf2 Rg8 36. Ke3 Rgc8 37. Rff1 Rb8 38. h5 Rg8 39. Kf4 Rcc8 40.
Rf2 Rc7 41. Rh2 Rcc8 42. h6 g6 43. Ke3 Rc7 44. Rf2 Rgc8 45. Kd2 Rf8 46. Rff1
Rfc8 47. Rc1 Rxc1 48. Rxc1 Rxc1 49. Kxc1 Kd7 50. Kd2 Kc7 51. Kc3 Kb6 52. b4 Kc7
53. Ne2 Kc6 54. Kd4 Bg4 55. Nf4 Be6 56. a4 b6 57. Ne2 Bg4 58. Nc3 Bf5 59. Nxd5
Bxd3 60. Nf6 Bc2 61. Nxh7 Bxa4 62. Nf6 1-0

[Event "Bad Zwischenahn"]
[Site "NordWest-Cup"]
[Date "2006.02.03"]
[Round "3.17"]
[White "Thinius, Marco"]
[Black "Hilverda, Alexander"]
[Result "1-0"]
[WhiteElo "2343"]
[BlackElo "2156"]
[PlyCount "85"]
[EventDate "2006.??.??"]

1. e4 c5 2. Nf3 e6 3. d4 cxd4 4. Nxd4 a6 5. Nc3 Qc7 6. Bd3 Bc5 7. Nb3 Be7 8.
O-O d6 9. Qe2 Nf6 10. f4 Nbd7 11. Bd2 b5 12. Rae1 e5 13. Kh1 Bb7 14. Nd1 O-O
15. Ne3 Rfe8 16. Nf5 Bf8 17. fxe5 Nxe5 18. Ba5 Qb8 19. Bc3 Qd8 20. Qf2 Nfg4 21.
Qg3 g6 22. h3 Nxd3 23. cxd3 Ne5 24. Na5 Bc8 25. d4 Nc4 26. Nc6 Qc7 27. d5 Bd7
28. Bf6 Bxc6 29. Qg5 h5 30. dxc6 Re6 31. Nd4 Ree8 32. Rf4 Be7 33. Ref1 Bxf6 34.
Rxf6 Ne5 35. R6f4 (35. Nf5 Re6 36. Rxe6 fxe6 37. Ne7+ Kg7 38. Nxg6 Nxg6 39. Rf6
) 35... Kf8 36. Qh6+ Kg8 (36... Ke7 37. Rxf7+ Nxf7 38. Rxf7+ Kxf7 39. Qh7+) 37.
Qg5 Kh7 38. g4 hxg4 39. hxg4 Rh8 40. Kg2 Kg8 41. Nf5 Qa7 42. Ne7+ Kf8 43. Nxg6+
1-0

[Event "Bad Zwischenahn"]
[Site "NordWest-Cup"]
[Date "2006.02.03"]
[Round "3.18"]
[White "Kulik, Dawid"]
[Black "Dittmar, Peter"]
[Result "1/2-1/2"]
[WhiteElo "2134"]
[BlackElo "2334"]
[PlyCount "30"]
[EventDate "2006.??.??"]

1. e4 c6 2. d4 d5 3. Nc3 dxe4 4. Nxe4 Nd7 5. Nf3 Ngf6 6. Ng3 e6 7. Bc4 Be7 8.
O-O O-O 9. Qe2 Re8 10. c3 Qc7 11. Ng5 Nf8 12. Nh5 Nxh5 13. Qxh5 Bxg5 14. Qxg5
b6 15. Qf4 Qe7 1/2-1/2